[Event "Seebach op 23rd"]
[Site "Grossenseebach"]
[Date "2012.06.10"]
[Round "7"]
[White "Llugiq, Azem"]
[Black "Dreiseitel, Werner"]
[Result "1-0"]
[WhiteElo "1676"]
[BlackElo "1519"]
[PlyCount "105"]
[EventDate "2012.06.07"]
[EventType "swiss"]
[EventRounds "7"]
[EventCountry "GER"]
[SourceTitle "EXT 2013"]
[Source "ChessBase"]
[SourceDate "2012.11.22"]
[SourceVersion "1"]
[SourceVersionDate "2012.11.22"]
[SourceQuality "1"]

1. d4 d5 2. Nf3 c6 3. c4 Nf6 4. Nc3 e6 5. e3 Nbd7 6. Bd3 dxc4 7. Bxc4 b5 8. Bd3 a6 9. 0-0 Bb7 10. Re1 c5 11. Ne5 Nxe5 12. dxe5 c4 13. Bxc4 bxc4 14. Qxd8+ Rxd8 15. exf6 gxf6 16. a3 Bg7 17. e4 0-0 18. Bf4 Rd3 19. Rad1 Rfd8 20. f3 Bf8 21. Rxd3 Rxd3 22. Rd1 Bc5+ 23. Kf1 Rxd1+ 24. Nxd1 Bd4 25. Bd2 e5 26. Ke2 Bc6 27. Bc3 Bg1 28. h3 Kg7 29. Bd2 Bd4 30. Ne3 Bb5 31. Nf5+ Kg6 32. Bc3 Bg1 33. Kf1 Bc5 34. Ke1 Bg1 35. Kd2 Bc5 36. Bb4 Bd4 37. Kc1 Bg1 38. Bd2 Bc5 39. Be3 Bd4 40. Bxd4 exd4 41. Nxd4 f5 42. Nxf5 h5 43. Kd2 Kg5 44. Ke3 Ba4 45. h4+ Kg6 46. Kd4 Bb5 47. Nd6 Kf6 48. f4 Ke6 49. Nxc4 Ba4 50. f5+ Ke7 51. Nb6 Bc2 52. Nd5+ Kd7 53. Nf6+ 1-0

[Event "Seebach op 23rd"]
[Site "Grossenseebach"]
[Date "2012.06.09"]
[Round "6"]
[White "Braun, Kristin"]
[Black "Llugiq, Azem"]
[Result "0-1"]
[WhiteElo "1486"]
[BlackElo "1676"]
[PlyCount "90"]
[EventDate "2012.06.07"]
[EventType "swiss"]
[EventRounds "7"]
[EventCountry "GER"]
[SourceTitle "EXT 2013"]
[Source "ChessBase"]
[SourceDate "2012.11.22"]
[SourceVersion "1"]
[SourceVersionDate "2012.11.22"]
[SourceQuality "1"]

1. Nf3 d5 2. g3 g6 3. Bg2 Nc6 4. d3 Bg7 5. 0-0 Nf6 6. Nbd2 0-0 7. e4 dxe4 8. Nxe4 Nxe4 9. dxe4 Bg4 10. Qxd8 Raxd8 11. c3 Rd3 12. Be3 Rfd8 13. h3 Be6 14. Bf4 Rc8 15. Rfd1 Rxd1+ 16. Rxd1 Bxa2 17. Rd7 e5 18. Be3 Be6 19. Rd1 h6 20. Kf1 b6 21. Ke1 Rd8 22. Rxd8+ Nxd8 23. Nd2 Nb7 24. f4 Nd6 25. fxe5 Bxe5 26. Bxh6 Bxg3+ 27. Ke2 Be5 28. Nf3 Bg7 29. Bxg7 Kxg7 30. Nd4 a5 31. Nxe6+ fxe6 32. Kd3 Kf6 33. Kd4 c5+ 34. Kd3 Ke5 35. Bf3 Kf4 36. Bg2 e5 37. c4 Nf7 38. Bf1 Ng5 39. Bg2 Kg3 40. Bf1 Kf2 41. h4 Nf3 42. h5 gxh5 43. Bh3 Ng5 44. Bf5 h4 45. Bg4 h3 0-1

[Event "Seebach op 23rd"]
[Site "Grossenseebach"]
[Date "2012.06.08"]
[Round "3"]
[White "Llugiq, Azem"]
[Black "Homfeldt, Claudia Laura"]
[Result "1-0"]
[WhiteElo "1676"]
[BlackElo "814"]
[PlyCount "55"]
[EventDate "2012.06.07"]
[EventType "swiss"]
[EventRounds "7"]
[EventCountry "GER"]
[SourceTitle "EXT 2013"]
[Source "ChessBase"]
[SourceDate "2012.11.22"]
[SourceVersion "1"]
[SourceVersionDate "2012.11.22"]
[SourceQuality "1"]

1. d4 d5 2. c4 dxc4 3. Nc3 Nc6 4. Nf3 Nf6 5. e3 e6 6. Bxc4 Bd6 7. 0-0 h6 8. e4 e5 9. h3 0-0 10. dxe5 Nxe5 11. Nxe5 Bxe5 12. Qc2 Bd6 13. Be3 Qe7 14. Rad1 Qe5 15. f4 Qh5 16. e5 Bf5 17. Qe2 Ng4 18. exd6 Qg6 19. Nd5 cxd6 20. Ne7+ Kh7 21. Nxg6 fxg6 22. hxg4 Bd7 23. Rxd6 Bc8 24. Qc2 Bxg4 25. Qxg6+ Kh8 26. Qxg4 Rac8 27. Rd7 g5 28. Bd4+ 1-0

[Event "Seebach op 23rd"]
[Site "Grossenseebach"]
[Date "2012.06.07"]
[Round "2"]
[White "Schwarzmann, Tobias"]
[Black "Llugiq, Azem"]
[Result "1-0"]
[WhiteElo "1985"]
[BlackElo "1676"]
[PlyCount "127"]
[EventDate "2012.06.07"]
[EventType "swiss"]
[EventRounds "7"]
[EventCountry "GER"]
[SourceTitle "EXT 2013"]
[Source "ChessBase"]
[SourceDate "2012.11.22"]
[SourceVersion "1"]
[SourceVersionDate "2012.11.22"]
[SourceQuality "1"]

1. e4 e6 2. d4 d5 3. e5 c5 4. c3 Nc6 5. Bb5 cxd4 6. cxd4 Bb4+ 7. Bd2 Bxd2+ 8. Qxd2 Bd7 9. Nc3 Nge7 10. Nge2 Qb6 11. Bxc6 Nxc6 12. 0-0 0-0 13. f4 Ne7 14. g4 f6 15. exf6 Rxf6 16. Rf2 Rc8 17. Raf1 a6 18. Kh1 Qd6 19. Nc1 Rcf8 20. Nd3 Rb8 21. Ne5 b5 22. b4 Bc8 23. Ne2 Nc6 24. Nxc6 Qxc6 25. Rc1 Qd7 26. Ng3 Bb7 27. Qe3 Re8 28. Qe5 Rc8 29. Rc5 Rf7 30. Rfc2 Bc6 31. Ne2 Re7 32. Nc1 Qe8 33. Nd3 g6 34. Qg5 Rg7 35. Ne5 Bb7 36. Qf6 Rxc5 37. bxc5 Qe7 38. Qxe7 Rxe7 39. c6 Bc8 40. g5 Rc7 41. a4 Kf8 42. axb5 axb5 43. Ra2 Ke7 44. Ra5 Kd6 45. Rxb5 Ra7 46. Kg2 Ra2+ 47. Kg3 Ba6 48. Rb8 Rd2 49. Rd8+ Kc7 50. Rd7+ Kb6 51. Re7 Bc8 52. Nf3 Rc2 53. Rxh7 Ba6 54. Ne5 Be2 55. Rb7+ Ka6 56. Rb3 Bf1 57. Nxg6 Rxc6 58. Ne5 Rc2 59. h3 Rg2+ 60. Kh4 Bc4 61. Rb4 Rd2 62. g6 Rg2 63. Rb8 Bf1 64. Ng4 1-0

[Event "Mittelfranken-ch NT 58th"]
[Site "Postbauer"]
[Date "2009.04.09"]
[Round "3"]
[White "Llugiq, Azem"]
[Black "Nehls, Benedikt"]
[Result "0-1"]
[WhiteElo "1667"]
[BlackElo "1878"]
[PlyCount "144"]
[EventDate "2009.04.08"]
[EventType "swiss"]
[EventRounds "7"]
[EventCountry "GER"]
[SourceTitle "EXT 2015"]
[Source "ChessBase"]
[SourceDate "2014.11.20"]
[SourceVersion "1"]
[SourceVersionDate "2014.11.20"]
[SourceQuality "1"]

1. d4 Nf6 2. Nf3 g6 3. g3 Bg7 4. Bg2 0-0 5. c4 d6 6. Nc3 Nbd7 7. 0-0 e5 8. dxe5 dxe5 9. e4 c6 10. Qc2 Qe7 11. b3 Rd8 12. Bb2 Nf8 13. Rad1 Bg4 14. Rxd8 Rxd8 15. Nd1 Bxf3 16. Bxf3 Qc7 17. Ne3 Ne6 18. Rd1 Rxd1+ 19. Qxd1 Ng5 20. Bg2 Ngxe4 21. h4 Nc5 22. b4 Ne6 23. c5 Ne8 24. Nc4 f5 25. Qb3 Kf7 26. a4 Ke7 27. Qe3 e4 28. Bxg7 N8xg7 29. Qh6 Qd8 30. Nd6 Qg8 31. Nxb7 Ne8 32. Qd2 Qg7 33. a5 Qd4 34. Qe1 N8c7 35. Bf1 Nd5 36. b5 cxb5 37. Bxb5 Nxc5 38. a6 Nc3 39. Bf1 Nd3 40. Na5 Nxe1 41. Nc6+ Kd6 42. Nxd4 Nf3+ 43. Nxf3 exf3 44. Bc4 Nd5 45. Kf1 Kc5 46. Bd3 Nb4 47. Bb1 Kb5 48. h5 Kxa6 49. hxg6 hxg6 50. g4 fxg4 51. Bxg6 Nd5 52. Ke1 Kb5 53. Kd2 Kb4 54. Bf5 Nf6 55. Ke3 a5 56. Kf4 a4 57. Kg5 a3 58. Be6 g3 59. fxg3 f2 60. Bh3 a2 61. Kxf6 a1Q+ 62. Kg6 f1Q 63. Bxf1 Qxf1 64. g4 Kc5 65. g5 Kd6 66. Kh7 Qh3+ 67. Kg7 Ke7 68. g6 Qh5 69. Kg8 Qxg6+ 70. Kh8 Qe8+ 71. Kg7 Qc6 72. Kg8 Kf6 0-1

[Event "Mittelfranken-ch NT 58th"]
[Site "Postbauer"]
[Date "2009.04.08"]
[Round "1"]
[White "Llugiq, Azem"]
[Black "Heider, Wolfgang"]
[Result "1-0"]
[WhiteElo "1667"]
[BlackElo "776"]
[PlyCount "79"]
[EventDate "2009.04.08"]
[EventType "swiss"]
[EventRounds "7"]
[EventCountry "GER"]
[SourceTitle "EXT 2015"]
[Source "ChessBase"]
[SourceDate "2014.11.20"]
[SourceVersion "1"]
[SourceVersionDate "2014.11.20"]
[SourceQuality "1"]

1. d4 d5 2. Nf3 Nf6 3. c4 e6 4. Nc3 Bb4 5. Qc2 Nc6 6. e3 a6 7. Be2 Ne4 8. 0-0 f6 9. Nxe4 0-0 10. Nc3 f5 11. a3 Be7 12. b4 Bd7 13. cxd5 exd5 14. Nxd5 Bd6 15. Bc4 Be6 16. Nxc7 Bxc7 17. Bxe6+ Kh8 18. Bb2 a5 19. Qc3 Qf6 20. Bb3 b6 21. b5 Bd6 22. Qxc6 Rac8 23. Qd5 h6 24. Rac1 Rcd8 25. Qc4 Kh7 26. Qd3 g6 27. Rc6 Rb8 28. Ne5 Qe7 29. Nc4 Qe4 30. Qxe4 fxe4 31. Rxd6 Rfe8 32. Nxb6 Rbd8 33. Rxd8 Rxd8 34. Be6 Rd6 35. d5 Rxb6 36. Rc1 h5 37. h4 a4 38. Rc8 g5 39. Bf7 Rxb5 40. Rh8# 1-0

[Event "Mittelfranken-ch QT 56th"]
[Site "Postbauer"]
[Date "2007.04.06"]
[Round "6"]
[White "Shetta, Maurice"]
[Black "Llugiq, Azem"]
[Result "0-1"]
[WhiteElo "1522"]
[BlackElo "1641"]
[PlyCount "102"]
[EventDate "2007.04.04"]
[EventType "swiss"]
[EventRounds "7"]
[EventCountry "GER"]
[SourceTitle "EXT 2015"]
[Source "ChessBase"]
[SourceDate "2014.11.20"]
[SourceVersion "1"]
[SourceVersionDate "2014.11.20"]
[SourceQuality "1"]

1. d4 d5 2. c4 e6 3. Nc3 c6 4. cxd5 cxd5 5. Nf3 Nf6 6. Bg5 Be7 7. e3 0-0 8. Bd3 Ne8 9. Bxe7 Qxe7 10. 0-0 Nc6 11. a3 f5 12. Rc1 Nf6 13. Bb5 Bd7 14. Bxc6 Bxc6 15. Ne5 Rac8 16. Nxc6 Rxc6 17. Qa4 a6 18. Ne2 Rfc8 19. Rxc6 Rxc6 20. Rc1 Rxc1+ 21. Nxc1 Qc7 22. Qd1 h6 23. Nd3 b6 24. f3 Kf7 25. Qc1 Qxc1+ 26. Nxc1 g5 27. Nd3 Nd7 28. Kf2 Kf6 29. g3 e5 30. dxe5+ Nxe5 31. Nxe5 Kxe5 32. Ke2 d4 33. Kd3 dxe3 34. Kxe3 f4+ 35. Kd3 fxg3 36. hxg3 h5 37. Ke3 h4 38. f4+ gxf4+ 39. gxf4+ Kf5 40. Kf3 h3 41. Kg3 h2 42. Kxh2 Kxf4 43. Kg2 Ke3 44. Kf1 Kd2 45. b4 Kc3 46. b5 a5 47. Ke2 Kb3 48. Kd3 a4 49. Kd4 Kxa3 50. Kd5 Kb4 51. Kc6 Ka5 0-1

[Event "Mittelfranken-ch QT 55th"]
[Site "Postbauer"]
[Date "2006.04.14"]
[Round "6"]
[White "Llugiq, Azem"]
[Black "Babichev, Vyacheslav"]
[Result "1-0"]
[WhiteElo "1556"]
[BlackElo "1697"]
[PlyCount "116"]
[EventDate "2006.04.12"]
[EventType "swiss"]
[EventRounds "7"]
[EventCountry "GER"]
[SourceTitle "EXT 2015"]
[Source "ChessBase"]
[SourceDate "2014.11.20"]
[SourceVersion "1"]
[SourceVersionDate "2014.11.20"]
[SourceQuality "1"]

1. d4 Nf6 2. c4 g6 3. Nc3 Bg7 4. e4 d6 5. Bd3 0-0 6. Nf3 Nc6 7. Be3 Ng4 8. 0-0 Nxe3 9. fxe3 Bg4 10. a3 Bh6 11. Qe1 e5 12. d5 Nb8 13. Nd1 Na6 14. b4 c6 15. Qg3 Bd7 16. Kh1 Qe7 17. Rb1 Rab8 18. c5 Bg7 19. dxc6 Bc8 20. Nc3 bxc6 21. cxd6 Qxd6 22. Rfd1 Qe7 23. Bc4 Nc7 24. Qh4 Qxh4 25. Nxh4 Be6 26. Bxe6 Nxe6 27. Nf3 Rfd8 28. Kg1 f6 29. Kf2 Bf8 30. Ke2 a6 31. Nd2 Bd6 32. Nc4 Bc7 33. Rxd8+ Nxd8 34. Rd1 Nf7 35. Rd7 Rc8 36. Na4 Kf8 37. Nc5 Ke8 38. Kd3 h5 39. Ke2 g5 40. h3 h4 41. Kf3 Bd8 42. Rxf7 Be7 43. Rh7 Bxc5 44. bxc5 Rd8 45. Rh8+ Ke7 46. Rxd8 Kxd8 47. a4 Kd7 48. g3 hxg3 49. Kxg3 Ke6 50. Kg4 Kd7 51. h4 gxh4 52. Kxh4 Ke6 53. Kg4 Ke7 54. Kf5 Kf7 55. Na5 Ke7 56. Nxc6+ Kd7 57. Nb8+ Kc7 58. Nxa6+ Kc6 1-0

[Event "Mittelfranken-ch QT 55th"]
[Site "Postbauer"]
[Date "2006.04.13"]
[Round "3"]
[White "Llugiq, Azem"]
[Black "Zwingel, Stephan"]
[Result "0-1"]
[WhiteElo "1556"]
[BlackElo "1926"]
[PlyCount "82"]
[EventDate "2006.04.12"]
[EventType "swiss"]
[EventRounds "7"]
[EventCountry "GER"]
[SourceTitle "EXT 2015"]
[Source "ChessBase"]
[SourceDate "2014.11.20"]
[SourceVersion "1"]
[SourceVersionDate "2014.11.20"]
[SourceQuality "1"]

1. d4 Nf6 2. c4 g6 3. Nc3 d5 4. cxd5 Nxd5 5. e4 Nxc3 6. bxc3 Bg7 7. Nf3 0-0 8. Be2 c5 9. 0-0 Nc6 10. Be3 cxd4 11. Nxd4 Qa5 12. Qb3 e5 13. Nxc6 bxc6 14. Qb4 Qc7 15. Rab1 Be6 16. a4 Rfb8 17. Qa3 Rb7 18. Ba6 Rxb1 19. Rxb1 Qa5 20. Bd3 Rd8 21. Be2 Bf8 22. Qa1 Bc5 23. Bxc5 Qxc5 24. Qb2 Bc4 25. Bxc4 Qxc4 26. Qb4 Qxb4 27. cxb4 Rd4 28. f3 Kf8 29. a5 a6 30. Rc1 Rd6 31. Kf2 Ke7 32. Ke2 Kd7 33. Rc3 Rd4 34. Rd3 Kd6 35. Kd2 c5 36. bxc5+ Kxc5 37. Kc3 Rxd3+ 38. Kxd3 Kb4 39. g4 g5 40. Kc2 Kxa5 41. Kc3 Kb5 0-1

[Event "Mittelfranken-ch QT 55th"]
[Site "Postbauer"]
[Date "2006.04.13"]
[Round "4"]
[White "Sidorov, Alexey"]
[Black "Llugiq, Azem"]
[Result "0-1"]
[WhiteElo "1210"]
[BlackElo "1556"]
[PlyCount "58"]
[EventDate "2006.04.12"]
[EventType "swiss"]
[EventRounds "7"]
[EventCountry "GER"]
[SourceTitle "EXT 2015"]
[Source "ChessBase"]
[SourceDate "2014.11.20"]
[SourceVersion "1"]
[SourceVersionDate "2014.11.20"]
[SourceQuality "1"]

1. e4 c5 2. Nf3 d6 3. d4 cxd4 4. Nxd4 Nc6 5. Nb3 Nf6 6. Nc3 Be6 7. Be3 g6 8. Be2 Bg7 9. Qd2 Ne5 10. 0-0-0 Bc4 11. h4 h5 12. f3 a5 13. a3 b5 14. Rdg1 Qc8 15. f4 Bxe2 16. fxe5 dxe5 17. Qxe2 b4 18. Na4 0-0 19. Nb6 Qb7 20. Nxa8 Rxa8 21. Qd2 bxa3 22. bxa3 Nxe4 23. Qe1 Rc8 24. Na1 Nc3 25. Nb3 Na4 26. Kb1 Nc3+ 27. Ka1 a4 28. Nd2 e4 29. Nf3 Nd1+ 0-1

[Event "Mittelfranken-ch QT 53rd"]
[Site "Lauf"]
[Date "2004.04.08"]
[Round "4"]
[White "Llugiq, Azem"]
[Black "Muenzenberg, Dietrich"]
[Result "0-1"]
[WhiteElo "1460"]
[BlackElo "1710"]
[PlyCount "62"]
[EventDate "2004.04.07"]
[EventType "swiss"]
[EventRounds "7"]
[EventCountry "GER"]
[SourceTitle "EXT 2015"]
[Source "ChessBase"]
[SourceDate "2014.11.20"]
[SourceVersion "1"]
[SourceVersionDate "2014.11.20"]
[SourceQuality "1"]

1. d4 d5 2. Nf3 c6 3. b3 Nf6 4. Bb2 Bg4 5. Ne5 Nbd7 6. Nxg4 Nxg4 7. e4 Ngf6 8. e5 Ne4 9. Bc1 e6 10. Qg4 h5 11. Qf4 g5 12. Qe3 g4 13. Nc3 Bh6 14. Qd3 Qa5 15. Bb2 Bd2+ 16. Ke2 Bxc3 17. Bxc3 Qxc3 18. Qxc3 Nxc3+ 19. Kd3 Ne4 20. f3 Nf2+ 21. Ke3 Nxh1 22. Bd3 gxf3 23. Kxf3 Ke7 24. Rxh1 c5 25. c3 cxd4 26. cxd4 Rac8 27. Ke3 f5 28. g3 h4 29. Rg1 Rcg8 30. Kf2 hxg3+ 31. hxg3 Rh2+ 0-1

[Event "Mittelfranken-ch QT 53rd"]
[Site "Lauf"]
[Date "2004.04.07"]
[Round "1"]
[White "Werner, Thomas1111"]
[Black "Llugiq, Azem"]
[Result "1/2-1/2"]
[WhiteElo "1844"]
[BlackElo "1460"]
[PlyCount "107"]
[EventDate "2004.04.07"]
[EventType "swiss"]
[EventRounds "7"]
[EventCountry "GER"]
[SourceTitle "EXT 2015"]
[Source "ChessBase"]
[SourceDate "2014.11.20"]
[SourceVersion "1"]
[SourceVersionDate "2014.11.20"]
[SourceQuality "1"]

1. d4 d5 2. c4 Nf6 3. Nc3 c6 4. e3 e6 5. Nf3 Nbd7 6. Bd3 Bb4 7. Qc2 Qc7 8. 0-0 b6 9. a3 Bd6 10. b4 Bb7 11. c5 Be7 12. Nd2 Rc8 13. f4 Ng4 14. Nf3 f5 15. Qe2 Ndf6 16. h3 Nh6 17. Ne5 0-0 18. g4 Ne4 19. Nxe4 fxe4 20. Bc2 Nf7 21. Bd2 Nxe5 22. fxe5 Bg5 23. Rxf8+ Rxf8 24. Rf1 Qc8 25. Bd1 b5 26. Be1 Rxf1+ 27. Kxf1 h6 28. Kg2 Qd8 29. Qf2 Qf8 30. Qg3 Be7 31. a4 a6 32. axb5 axb5 33. h4 g5 34. Qh3 Qa8 35. Kf1 Qe8 36. Be2 Qd8 37. h5 Kg7 38. Kg1 Qf8 39. Bf2 Qa8 40. Qf1 Qa3 41. Qe1 Qa4 42. Qd2 Qa1+ 43. Kg2 Qa3 44. Be1 Qb3 45. Bd1 Qa3 46. Kf2 Bd8 47. Qc2 Be7 48. Qb1 Bc8 49. Bc2 Bd7 50. Bd2 Qa8 51. Bd1 Qa3 52. Bc1 Qa7 53. Qc2 Be8 54. Bd2 1/2-1/2

[Event "Mittelfranken-ch QT 52nd"]
[Site "Uttenreuth"]
[Date "2003.04.18"]
[Round "6"]
[White "Llugiq, Azem"]
[Black "Schanz, Karlheinz"]
[Result "0-1"]
[WhiteElo "1475"]
[BlackElo "1812"]
[PlyCount "78"]
[EventDate "2003.04.16"]
[EventType "swiss"]
[EventRounds "7"]
[EventCountry "GER"]
[SourceTitle "EXT 2015"]
[Source "ChessBase"]
[SourceDate "2014.11.20"]
[SourceVersion "1"]
[SourceVersionDate "2014.11.20"]
[SourceQuality "1"]

1. d4 d5 2. Nf3 Nf6 3. Nbd2 Nc6 4. e3 Bf5 5. Bb5 e6 6. a3 Bd6 7. Ne5 Bxe5 8. dxe5 Nd7 9. f4 Qh4+ 10. g3 Qg4 11. Be2 Qg6 12. c3 h5 13. Nf3 Be4 14. Nh4 Qh6 15. Bf3 Nc5 16. 0-0 0-0-0 17. b4 Bxf3 18. Nxf3 Ne4 19. Qc2 Qg6 20. Nh4 Qh7 21. Bb2 Ne7 22. Rad1 Nf5 23. Ng2 Kb8 24. a4 Qg6 25. Qe2 Qh7 26. a5 Rhg8 27. b5 g5 28. Ba3 Nxc3 29. Qb2 Nxd1 30. Rxd1 gxf4 31. exf4 h4 32. a6 hxg3 33. hxg3 Rxg3 34. Bc5 b6 35. Bf2 Rh3 36. Kf1 Rh1+ 37. Bg1 Qh3 38. Qc1 Qf3+ 39. Ke1 Rxg1+ 0-1